Welcome to CU Library Online Public Access Catalogue (OPAC)

A SURVEY OF THE OLD TESTATMENT (Record no. 7191)

MARC details
000 -LEADER
fixed length control field 00356nam a22001457a 4500
005 - DATE AND TIME OF LATEST TRANSACTION
control field 20250726144648.0
008 - FIXED-LENGTH DATA ELEMENTS--GENERAL INFORMATION
fixed length control field 250726b |||||||| |||| 00| 0 eng d
050 ## - LIBRARY OF CONGRESS CALL NUMBER
Classification number REF BS1140
Item number HIL
100 ## - MAIN ENTRY--PERSONAL NAME
Personal name HILL ANDREW E.
245 ## - TITLE STATEMENT
Title A SURVEY OF THE OLD TESTATMENT
250 ## - EDITION STATEMENT
Edition statement 2ND
260 ## - PUBLICATION, DISTRIBUTION, ETC.
Place of publication, distribution, etc. MICHIGAN
Name of publisher, distributor, etc. ZONDERVAN
Date of publication, distribution, etc. c2000
300 ## - PHYSICAL DESCRIPTION
Extent 607p
942 ## - ADDED ENTRY ELEMENTS (KOHA)
Source of classification or shelving scheme Library of Congress Classification
Koha item type Books
Suppress in OPAC No
999 ## -
-- 7191
-- 7191
Holdings
Withdrawn status Lost status Source of classification or shelving scheme Damaged status Not for loan Collection Home library Current library Shelving location Date acquired Total checkouts Full call number Barcode Date last seen Copy number Price effective from Koha item type
    Library of Congress Classification     Reference Undergraduate Library (Christ Temple) Undergraduate Library (Christ Temple) General stacks 07/26/2025   REF BS1140.2 HIL ulct00004194 07/26/2025 1 07/26/2025 Books
© 2023-2024 Copyright: Central University Libraries. All Rights Reserved | Created by: Mahone Tech Office